000 00775cab a2200229 4500
001 WB2845-05
008 090401t1992 xxu||||| |||| 00| 0 eng d
035 _a(Sirsi) u63442
041 _aeng
245 _aDoE move to Docklands
260 _c1992
350 _a0
490 _aDoE News Release
_v(738) 12 November 1992 (2)
520 _aThe proposed relocation of 2,000 DoE staff to offices at Docklands will not happen now. The department will remain in Marsham Street headquarters for another three years, although new premises are being sought.
650 _aDEPARTMENT OF THE ENVIRONMENT
650 _aGOVERNMENT OFFICES
650 _aMARSHAM STREET
650 _aRELOCATION
690 _aPROPERTY-COMMERCIAL PROPERTY
942 _n0
948 _c04/03/1997
999 _c39432
_d39432